معرض الفن التشكيلى ومعركة رمضان

محفوظ في:

مؤلف مشترك: الإتحاد الإشتراكى العربى

التنسيق: كتاب

اللغة: Undetermined

منشور في: Cairo Eastern Advertising Company 1974

الوسوم: إضافة وسم

لا توجد وسوم, كن أول من يضع وسما على هذه التسجيلة!

رقم الطلب:

LEADER 00354nam a2200109Ia 4500
008 240503s9999||||xx |||||||||||||| ||und||
245 1 0 |a معرض الفن التشكيلى ومعركة رمضان 
264 1 |a Cairo  |b Eastern Advertising Company  |c 1974 
300 |b plates  |c 20 
710 2 |a الإتحاد الإشتراكى العربى 
942 |2 lcc  |c BK 
999 |c 58333  |d 58333